[Event "AUTO-OPEN-902"]
[Site "http://www.queenalice.com/game.php?id=304151"]
[Date "2007.11.15"]
[Round "1"]
[White "MHAC"]
[Black "rxk"]
[Result "0-1"]
[WhiteElo "1316"]
[BlackElo "1798"]

1. Nf3 Nc6 2. d4 d5 3. e3 Bg4 4. Be2 Nf6 5. c3 e6 6. Qa4 Bxf3 7. Bxf3 Bd6 8. c4
O-O 9. Nc3 Ne7 10. c5 Bxh2 11. Rxh2 c6 12. Qc2 Ng6 13. e4 h6 14. exd5 cxd5 15.
Nb5 Nd7 16. Nd6 Ne7 17. Nxb7 Qc7 18. Nd6 Nf5 19. Nxf5 Qxh2 20. Ne7+ Kh8 21. Ke2
Nf6 22. c6 Qc7 23. Ng6+ fxg6 24. Bd2 g5 25. a4 g4 26. Ra3 gxf3+ 27. gxf3 e5 28.
Be3 exd4 29. Bxd4 Rfe8+ 30. Kf1 Nh7 31. b4 Qh2 32. Be3 d4 33. Bxd4 Qh1# 0-1

[Event "Challenge"]
[Site "http://www.queenalice.com/game.php?id=407013"]
[Date "2008.5.23"]
[Round "-"]
[White "anceliogondim"]
[Black "MHAC"]
[Result "0-1"]
[WhiteElo "1891"]
[BlackElo "1387"]

1. e3 e5 2. Bc4 d5 3. Bb3 Nf6 4. d4 Nc6 5. a3 exd4 6. exd4 Qe7+ 7. Qe2 Nxd4 8.
Qxe7+ Bxe7 9. Nc3 c6 10. h3 Nxb3 11. cxb3 Bf5 12. f3 Be6 13. Nge2 Nh5 14. O-O
Bc5+ 15. Kh1 d4 16. Ne4 d3 17. Nxc5 dxe2 18. Re1 O-O-O 19. g4 Ng3+ 20. Kg2 Rd1
21. Rxe2 Nxe2 22. Kf2 Nxc1 23. Nxe6 fxe6 24. h4 Rhd8 25. b4 R8d2+ 26. Kg3 Ne2+
27. Kf2 Rxa1 28. Ke3 Rxb2 29. Ke4 Ng3+ 30. Kf4 Rg2 31. h5 h6 32. Ke5 Re1+ 33.
Kd4 Rc2 34. Kd3 Ree2 35. a4 e5 36. a5 Ra2 37. Kc3 Ra3+ 38. Kc4 Rd2 39. a6 bxa6
40. Kc5 Kc7 41. g5 Rc3# 0-1

[Event "anax"]
[Site "http://www.queenalice.com/game.php?id=475702"]
[Date "2008.10.10"]
[Round "5"]
[White "MHAC"]
[Black "lobo"]
[Result "1-0"]
[WhiteElo "1387"]
[BlackElo "1781"]

1. d4 b6 2. Nc3 Bb7 3. Bf4 e6 4. Nb5 d6 5. Nf3 Bxf3 6. exf3 h6 7. Bd3 Nf6 8. O-O
Nc6 9. c3 g5 10. Bg3 h5 11. h4 gxh4 12. Bxh4 Qe7 13. Bxf6 Qxf6 14. Nxc7+ Kd7 15.
Nxa8 Bg7 16. Nxb6+ axb6 17. a4 h4 18. g3 Qg5 19. f4 Qf6 20. Kg2 hxg3 21. fxg3
Bh6 22. Qg4 Ne7 23. a5 Rg8 24. Qf3 Nc6 25. axb6 d5 26. Rh1 Bxf4 27. g4 Qg5 28.
Raf1 f5 29. Qxf4 Qd8 30. Rh7+ Ke8 31. Rc7 Rxg4+ 32. Qxg4 fxg4 33. Rxc6 Kd7 34.
Bb5 Qg8 35. b7 Ke7 36. Rc8 Qg5 37. b8=Q Qd2+ 38. Rf2 1-0

[Event "anax-2"]
[Site "http://www.queenalice.com/game.php?id=529481"]
[Date "2009.1.25"]
[Round "1"]
[White "MHAC"]
[Black "pedepano"]
[Result "1-0"]
[WhiteElo "1448"]
[BlackElo "1762"]

1. d4 d5 2. g3 Nc6 3. Bg2 Nf6 4. Nc3 e5 5. dxe5 Nxe5 6. Nf3 Bd6 7. Nxd5 c6 8.
Nc3 O-O 9. O-O Bf5 10. Bf4 Re8 11. Qd4 Nxf3+ 12. Bxf3 Bxf4 13. Qxf4 Bxc2 14.
Rac1 Bg6 15. Rfd1 Qb6 16. b3 Re6 17. Qd2 h6 18. Na4 Qc7 19. Nc5 Rd6 20. Qxd6
Qxd6 21. Rxd6 1-0

[Event "AUTO-INT-1516"]
[Site "http://www.queenalice.com/game.php?id=682731"]
[Date "2009.11.14"]
[Round "1"]
[White "danqueiroz"]
[Black "MHAC"]
[Result "0-1"]
[WhiteElo "1459"]
[BlackElo "1549"]

1. Nf3 e6 2. g3 g6 3. Bg2 Bg7 4. O-O Nf6 5. Nc3 O-O 6. d4 d5 7. Ne5 Nc6 8. Bf4
Qd6 9. Nb5 Qd8 10. Qd3 Ne8 11. Rae1 a6 12. Nc3 Nb4 13. Qd2 Nd6 14. Bh6 Bxh6 15.
Qxh6 Nxc2 16. Rd1 Nf5 17. Qf4 g5 18. Qd2 Ncxd4 19. e3 Nb5 20. Nxb5 axb5 21. e4
Qf6 22. f3 Qxe5 23. a3 Ra4 24. Qxg5+ Qg7 25. Qxg7+ Nxg7 26. exd5 e5 27. f4 Nf5
28. g4 Ne3 29. Rfe1 Nxd1 30. Rxd1 Bxg4 31. Rd3 exf4 32. h3 Bf5 33. Rd4 Rxd4 0-1

[Event "AUTO-INT-1516"]
[Site "http://www.queenalice.com/game.php?id=682732"]
[Date "2009.11.14"]
[Round "1"]
[White "MHAC"]
[Black "danqueiroz"]
[Result "1-0"]
[WhiteElo "1565"]
[BlackElo "1478"]

1. d4 Nf6 2. Nf3 g6 3. g3 Bg7 4. Bg2 O-O 5. O-O Ne4 6. Qd3 d5 7. Ng5 Nxg5 8.
Bxg5 f6 9. Bd2 Nc6 10. Na3 Bf5 11. e4 dxe4 12. Bxe4 Nxd4 13. Qc4+ e6 14. Bxb7
Rb8 15. Qb4 Ne2+ 16. Kg2 c6 17. g4 Qd5+ 18. f3 Bxg4 19. h3 Bxf3+ 20. Rxf3 f5 21.
Kf2 Bd4+ 22. Kxe2 Qe4+ 23. Re3 Qg2+ 24. Kd3 e5 25. Qc4+ Rf7 26. Bxc6 Rxb2 27.
Bxg2 f4 28. Re4 Rb6 29. c3 Rd6 30. cxd4 Kf8 31. Rxe5 Rf5 32. Rxf5+ gxf5 33. Bb4
Ke7 34. Qc7+ Ke6 35. Qxd6+ Kf7 36. Bd5+ 1-0

[Event "AUTO-INT-1516"]
[Site "http://www.queenalice.com/game.php?id=763121"]
[Date "2010.4.18"]
[Round "2"]
[White "MHAC"]
[Black "windlazy"]
[Result "0-1"]
[WhiteElo "1586"]
[BlackElo "1906"]

1. d4 f5 2. e3 Nf6 3. Nh3 c5 4. Bd3 Nc6 5. Nf4 d5 6. c4 cxd4 7. Qf3 dxe3 8. Bxe3
d4 9. Bd2 e5 10. Nd5 e4 11. Bxe4 fxe4 12. Nxf6+ Qxf6 13. Qxe4+ Qe5 14. Qe2 Bd6
15. f4 Qxe2+ 16. Kxe2 O-O 17. Rf1 Bg4+ 18. Ke1 Rae8+ 19. Kf2 Bxf4 20. Bxf4 Rxf4+
21. Kg1 Rxf1+ 22. Kxf1 Re2 23. b3 d3 24. Nc3 Rc2 25. h3 d2 26. hxg4 Rc1+ 0-1

[Event "AUTO-INT-1516"]
[Site "http://www.queenalice.com/game.php?id=763122"]
[Date "2010.4.18"]
[Round "2"]
[White "windlazy"]
[Black "MHAC"]
[Result "1-0"]
[WhiteElo "1893"]
[BlackElo "1582"]

1. d4 d5 2. c4 dxc4 3. Nc3 Nd7 4. e4 Nb6 5. Bxc4 Nxc4 6. Qa4+ Qd7 7. Qxc4 Qg4 8.
g3 Nf6 9. f3 Qd7 10. e5 b5 11. Qxb5 Nh5 12. Qxd7+ Bxd7 13. g4 f6 14. gxh5 g5 15.
hxg6 hxg6 16. f4 f5 17. Nf3 Bc6 18. d5 Bb7 19. e6 Rd8 20. Be3 Bxd5 21. Nxd5 Rxd5
22. Bxa7 Bh6 23. Be3 Bg7 24. O-O Bxb2 25. Rab1 Rb5 26. Rf2 O-O 27. Rfxb2 Rxb2
28. Rxb2 Rd8 29. Rd2 Rc8 30. Ne5 Kg7 31. Rg2 1-0

[Event "AUTO-INT-1516"]
[Site "http://www.queenalice.com/game.php?id=763123"]
[Date "2010.4.18"]
[Round "2"]
[White "MHAC"]
[Black "nuage"]
[Result "1-0"]
[WhiteElo "1580"]
[BlackElo "1622"]

1. d4 Nf6 2. Nf3 g6 3. b3 d5 4. c3 Ne4 5. Qd3 Bf5 6. Ne5 c6 7. Qd1 f6 8. Nd3 Nd7
9. f3 Ng5 10. Nf4 e5 11. Nd3 e4 12. fxe4 Nxe4 13. e3 Bh6 14. g4 Be6 15. Bg2 f5
16. gxf5 Bxf5 17. O-O Qc7 18. b4 O-O-O 19. Qa4 Nb6 20. Qxa7 Kd7 21. Ne5+ Ke7 22.
Qa3 Ke6 23. Nd3 Ra8 24. Qb3 Nc4 25. Re1 Bg5 26. Nc5+ Nxc5 27. bxc5 Bg4 28. h3
Bf5 29. Na3 Qg3 30. Nc2 Be4 31. Re2 Bxe3+ 32. Nxe3 Bd3 33. Nf1+ Bxe2 34. Nxg3
Bd3 35. Qxb7 Kf6 36. Qxc6+ Kg7 37. Bg5 Rhf8 38. Qb7+ Kg8 39. Bxd5+ Kh8 40. Bh6
1-0

[Event "AUTO-INT-1516"]
[Site "http://www.queenalice.com/game.php?id=763124"]
[Date "2010.4.18"]
[Round "2"]
[White "nuage"]
[Black "MHAC"]
[Result "1-0"]
[WhiteElo "1674"]
[BlackElo "1600"]

1. Nf3 d5 2. g3 Nf6 3. Bg2 h5 4. Ne5 Ng4 5. Nf3 e5 6. d4 Bb4+ 7. c3 Bd6 8. dxe5
Nxe5 9. Qxd5 Ng4 10. Bg5 f6 11. Qe4+ Qe7 12. Qxe7+ Bxe7 13. Bf4 c6 14. O-O Na6
15. h3 Nh6 16. Rd1 Nf7 17. Nbd2 Nc5 18. Nc4 Be6 19. Ne3 O-O 20. Nh4 Nh8 21. b4
Na4 22. c4 Nc3 23. Rd3 Nxe2+ 24. Kh2 Nxf4 25. gxf4 Bxb4 26. f5 Rfd8 27. Rb3 Bd6+
28. Kg1 Bc8 29. Bf3 Be5 30. Bxh5 Bxa1 31. a4 b6 32. Nc2 Be5 33. Bf3 Bb7 34. c5
g5 35. Ng6 Bc7 36. Ne7+ Kg7 37. Kg2 Bf4 38. Nd4 Rxd4 39. a5 b5 40. Ra3 a6 41.
Nxc6 Rc8 42. Nxd4 Bxf3+ 43. Kxf3 Rxc5 44. Ne6+ Kf7 45. Nxc5 Bd6 46. Rc3 b4 47.
Rc1 b3 48. Nxb3 Ke7 49. Rc6 Nf7 50. Rxa6 Ne5+ 51. Ke4 Nc4 52. Ra7+ Kf8 53. Ra8+
Ke7 54. a6 Nb6 55. Ra7+ Kd8 56. Rh7 Nc8 57. Nd4 Nb6 58. Nc6+ Kc8 59. Rf7 Bc5 60.
Rxf6 1-0

[Event "AUTO-INT-1765"]
[Site "http://www.queenalice.com/game.php?id=807064"]
[Date "2010.7.23"]
[Round "1"]
[White "Tal0n"]
[Black "MHAC"]
[Result "1-0"]
[WhiteElo "1727"]
[BlackElo "1565"]

1. e4 Nf6 2. e5 Ng4 3. Qxg4 d6 4. Qa4+ Bd7 5. Qb3 dxe5 6. Qxb7 Nc6 7. Bb5 Nb4 8.
Na3 Qb8 9. Bxd7+ Kxd7 10. Qe4 f6 11. c3 Na6 12. Qd3+ Ke8 13. Qxa6 Qb6 14. Qa4+
c6 15. d4 exd4 16. c4 e5 17. Nc2 Be7 18. b4 a6 19. c5 Qb5 20. Qb3 a5 21. Bd2 a4
22. Qe6 d3 23. Na3 Qa6 24. Qg4 g5 25. Qh5+ Kd7 26. Nf3 e4 27. Nd4 Qc8 28. Qg4+
Kc7 29. Ne6+ Kb7 30. Qxe4 Qd7 31. Nc4 Qd5 32. Na5+ Kc8 33. Qg4 Qe5+ 34. Be3
Qxa1+ 35. Qd1 Qc3+ 36. Qd2 Qa3 37. Nxc6 Kd7 38. Ncd4 Rab8 39. c6+ Kc8 40. O-O
Rxb4 41. Nc2 dxc2 42. Qd7+ Kb8 43. c7+ Ka8 44. c8=R+ Rb8 45. Qc6# 1-0

[Event "AUTO-INT-1765"]
[Site "http://www.queenalice.com/game.php?id=807065"]
[Date "2010.7.23"]
[Round "1"]
[White "MHAC"]
[Black "Tal0n"]
[Result "0-1"]
[WhiteElo "1578"]
[BlackElo "1695"]

1. d4 d5 2. Nc3 e6 3. h4 Nf6 4. e3 c5 5. dxc5 Bxc5 6. Bb5+ Bd7 7. Be2 Nc6 8. Nf3
e5 9. Nxd5 Nxd5 10. Qxd5 Qa5+ 11. Bd2 Bb4 12. Qd3 O-O-O 13. c3 Bd6 14. Qxd6 Bg4
15. Qa3 Qd5 16. Qa4 Bxf3 17. Rd1 Bxe2 18. Kxe2 Qxg2 19. Qc4 f5 20. Qe6+ Kb8 21.
Qxf5 Rhf8 22. Rdg1 Qxh1 23. Rxh1 Rxf5 24. e4 Rf6 25. Bg5 Na5 26. Bxf6 gxf6 27.
Rg1 Nc4 28. Rd1 Rxd1 29. Kxd1 Nxb2+ 30. Kc2 Na4 31. Kb3 Nc5+ 32. Kc4 Nxe4 33.
Kd5 Nxc3+ 34. Ke6 b5 35. Kxf6 Nxa2 36. Kxe5 Kb7 37. f4 Kc7 38. f5 Kd7 39. f6 Ke8
40. Ke6 b4 41. f7+ Kf8 42. h5 b3 0-1

[Event "AUTO-INT-1765"]
[Site "http://www.queenalice.com/game.php?id=807076"]
[Date "2010.7.23"]
[Round "1"]
[White "renzopieroni"]
[Black "MHAC"]
[Result "1-0"]
[WhiteElo "1982"]
[BlackElo "1567"]

1. e4 d5 2. exd5 Qxd5 3. Nc3 Qd8 4. d3 Nf6 5. Be2 g6 6. Bd2 b6 7. Qc1 Bb7 8. Bf3
Nc6 9. Bh6 Qd6 10. Nge2 O-O-O 11. Nb5 Qb4+ 12. Nec3 a6 13. Bxf8 Rdxf8 14. Na3
Rd8 15. O-O Nd4 16. Bxb7+ Kxb7 17. Re1 Ng4 18. h3 Nf6 19. Nc4 Nd5 20. Nxd5 Qa4
21. b3 Qd7 22. Nde3 e6 23. Ne5 Qe7 24. c3 Nc6 25. Nxc6 Kxc6 26. d4 Qf6 27. Qc2
a5 28. Ng4 Qf4 29. Qe4+ Qxe4 30. Rxe4 Rde8 31. Re5 h5 32. Nf6 Rd8 33. Rd1 Kd6
34. c4 c5 35. Ree1 cxd4 36. Rxd4+ Kc5 37. Rd7 Rc8 38. Rxf7 Rcf8 39. Rxf8 Rxf8
40. Nd7+ 1-0

[Event "AUTO-INT-1765"]
[Site "http://www.queenalice.com/game.php?id=807077"]
[Date "2010.7.23"]
[Round "1"]
[White "MHAC"]
[Black "renzopieroni"]
[Result "0-1"]
[WhiteElo "1578"]
[BlackElo "1956"]

1. Nf3 Nf6 2. d4 e6 3. h4 d5 4. Nc3 Nc6 5. g3 Bd7 6. Bf4 Bb4 7. Qd3 h6 8. a3 Bd6
9. Bxd6 cxd6 10. Nb5 Qe7 11. Bh3 O-O 12. Qb3 Rfc8 13. a4 a6 14. Na3 Rab8 15. e3
Na5 16. Qb4 Nc6 17. Qd2 Ne4 18. Qd3 Nb4 19. Qb3 Nc6 20. Nd2 Na5 21. Qb4 Nc6 22.
Qb6 Nxd2 23. Kxd2 e5 24. dxe5 dxe5 25. Qb3 Bxh3 26. Rxh3 Rd8 27. Nb1 e4 28. Nc3
d4 29. Ne2 d3 30. cxd3 Rxd3+ 31. Kc2 Rxb3 32. Kxb3 Qe6+ 0-1

[Event "AUTO-INT-1765"]
[Site "http://www.queenalice.com/game.php?id=807084"]
[Date "2010.7.23"]
[Round "1"]
[White "MHAC"]
[Black "daniel0176"]
[Result "0-1"]
[WhiteElo "1595"]
[BlackElo "1559"]

1. d4 d5 2. Nf3 Bg4 3. h3 Bxf3 4. gxf3 Nc6 5. Rg1 Nf6 6. Nc3 e5 7. Bg5 Be7 8. f4
exf4 9. Bxf4 O-O 10. Bh6 Bb4 11. Qd3 Bxc3+ 12. Qxc3 Re8 13. Rxg7+ Kh8 14. Qd3
Ne4 15. Rg1 Nb4 16. Qb3 a5 17. a3 Qh4 18. O-O-O Qxf2 19. Be3 Na2+ 20. Qxa2 Qxe3+
21. Kb1 Qxg1 22. Qxd5 Nf2 23. Re1 Nxh3 24. Qf5 Qg3 25. Rd1 Nf2 26. Re1 Ne4 27.
Rd1 Nf2 28. Rd2 Ne4 29. Rd3 Qg1 30. Rh3 Qg6 31. Qf4 Re6 32. Qxc7 Nd2+ 33. Kc1
Nxf1 34. Kd1 Rae8 35. Rf3 Ne3+ 36. Kd2 Nf5 37. Qf4 Rxe2+ 38. Kc3 R8e3+ 39. Rxe3
Rxe3+ 40. Kd2 Qg2+ 41. Kd1 Qg1+ 42. Kd2 Qe1# 0-1

[Event "AUTO-INT-1765"]
[Site "http://www.queenalice.com/game.php?id=807085"]
[Date "2010.7.23"]
[Round "1"]
[White "daniel0176"]
[Black "MHAC"]
[Result "0-1"]
[WhiteElo "1575"]
[BlackElo "1579"]

1. e4 Nf6 2. e5 Ng4 3. Qxg4 d6 4. Qe4 d5 5. Qd4 Nc6 6. Bb5 a6 7. Bxc6+ bxc6 8.
Nf3 e6 9. O-O g5 10. d3 a5 11. Bxg5 Qd7 12. Nc3 Rb8 13. b3 h6 14. Bh4 Rb4 15.
Qa7 Rg4 16. Qxa5 Be7 17. h3 Rg6 18. Bxe7 Qxe7 19. Rfe1 Rhg8 20. g4 f5 21. exf6
Rxf6 22. Qa4 Qd6 23. Re3 h5 24. g5 Rf4 25. Qa8 Qd7 26. Ne5 Rxg5+ 27. Kf1 Qd6 28.
Qxc8+ Ke7 29. b4 d4 30. Ne4 Qxe5 31. Nxg5 dxe3 32. Re1 Rxf2+ 33. Kg1 Qh2# 0-1